[Event "21. Torneo San Viator 2013"]
[Site "Madrid ESP"]
[Date "2013.11.03"]
[Round "7.13"]
[White "Bustos Bernardo, Samuel"]
[Black "Sotoca Aguado, Jose"]
[Result "1-0"]
[WhiteElo "1686"]
[BlackElo "1961"]
[PlyCount "100"]
[EventDate "2013.09.29"]
[EventType "swiss"]
[EventRounds "9"]
[EventCountry "ESP"]
[SourceTitle "Ajedrez en Madrid"]
[Source "lmi"]
[SourceDate "2013.09.29"]
[SourceVersion "1"]
[SourceVersionDate "2013.12.25"]
[SourceQuality "1"]

1. Nf3 Nf6 2. c4 c6 3. Nc3 d5 4. d4 e6 5. Bg5 Be7 6. e3 Nbd7 7. Rc1 h6 8. Bh4
Ne4 9. Bxe7 Qxe7 10. Bd3 Ndf6 11. O-O O-O 12. Qc2 Nxc3 13. Qxc3 Bd7 14. c5 Rfc8
15. Ne5 Be8 16. f4 Nd7 17. Rf3 f6 18. Nxd7 Bxd7 19. e4 b6 20. b4 bxc5 21. Qxc5
Kf7 22. Rg3 Qxc5 23. Rxc5 Rab8 24. a3 Rd8 25. e5 f5 26. Bc2 Rb6 27. Rgc3 Ra6
28. Kf2 g5 29. g3 gxf4 30. gxf4 Rg8 31. Bd1 Ke7 32. Rh3 Rg6 33. Rcc3 Rb6 34.
Be2 Bc8 35. Rcg3 Rxg3 36. Kxg3 a5 37. bxa5 Rb3+ 38. Kg2 Rb2 39. Kf1 Rb1+ 40.
Kf2 Rb2 41. Ke1 Rb1+ 42. Kd2 Rb2+ 43. Kd1 h5 44. a6 c5 45. dxc5 Bd7 46. a7 Bc6
47. Rxh5 d4 48. Rh7+ Kd8 49. Ba6 Rb3 50. Bb7 Rxb7 1-0

[Event "21. Torneo San Viator 2013"]
[Site "Madrid ESP"]
[Date "2013.11.03"]
[Round "7.14"]
[White "Pindado Campos, Raul"]
[Black "Martinez Montalvo, Eduardo"]
[Result "1-0"]
[WhiteElo "1903"]
[BlackElo "1823"]
[PlyCount "85"]
[EventDate "2013.09.29"]
[EventType "swiss"]
[EventRounds "9"]
[EventCountry "ESP"]
[SourceTitle "Ajedrez en Madrid"]
[Source "lmi"]
[SourceDate "2013.09.29"]
[SourceVersion "1"]
[SourceVersionDate "2013.12.25"]
[SourceQuality "1"]

1. d4 Nf6 2. c4 e5 3. dxe5 Ng4 4. Nf3 Bc5 5. e3 Nc6 6. Nc3 O-O 7. a3 a5 8. b3
Re8 9. Bb2 Ngxe5 10. Nxe5 Nxe5 11. Ne4 Ba7 12. Ng3 d6 13. Be2 Qh4 14. Qd2 Bg4
15. Bd4 Bxe2 16. Nxe2 Qe4 17. O-O Qg6 18. Kh1 Bxd4 19. Nxd4 a4 20. Qc3 axb3 21.
Qxb3 b6 22. Nb5 Re7 23. Nd4 Qd3 24. Qxd3 Nxd3 25. a4 Nb2 26. Rfc1 Kf8 27. Ra2
Nd3 28. Rca1 Re5 29. Kg1 Rc5 30. Rc2 Rca5 31. Rca2 Nc5 32. Nb5 Nxa4 33. Nxc7
Rc8 34. Nd5 b5 35. Nb6 Rc6 36. Nxa4 bxa4 37. Rxa4 Rac5 38. Ra8+ Ke7 39. R1a7+
Ke6 40. Re8+ Kf6 41. Ree7 Rxc4 42. Rxf7+ Ke5 43. Rae7+ 1-0

[Event "21. Torneo San Viator 2013"]
[Site "Madrid ESP"]
[Date "2013.11.03"]
[Round "7.16"]
[White "Ruiz Sanchez, Roberto"]
[Black "Sirera Ripoll, Jose"]
[Result "1-0"]
[WhiteElo "1972"]
[BlackElo "1726"]
[PlyCount "103"]
[EventDate "2013.09.29"]
[EventType "swiss"]
[EventRounds "9"]
[EventCountry "ESP"]
[SourceTitle "Ajedrez en Madrid"]
[Source "lmi"]
[SourceDate "2013.09.29"]
[SourceVersion "1"]
[SourceVersionDate "2013.12.25"]
[SourceQuality "1"]

1. e4 e5 2. Nf3 Nc6 3. Bb5 a6 4. Ba4 Nf6 5. O-O Be7 6. Re1 b5 7. Bb3 O-O 8. a4
b4 9. d3 d6 10. Nbd2 Bg4 11. h3 Bh5 12. g4 Bg6 13. Nf1 Nd4 14. Nxd4 exd4 15.
Ng3 Re8 16. Qf3 Nd7 17. Qg2 c5 18. Ne2 Rc8 19. Nf4 a5 20. Nd5 Kf8 21. Bc4 f6
22. Bb5 Bf7 23. Bxd7 Qxd7 24. Nb6 Qc7 25. Nxc8 Rxc8 26. b3 Rd8 27. Bf4 Qc6 28.
Re2 h6 29. Rae1 Kg8 30. Bg3 d5 31. e5 Qc8 32. exf6 Bxf6 33. Be5 Bg5 34. Qg3 Rd7
35. f4 Bd8 36. h4 Bb6 37. g5 g6 38. gxh6 Kh7 39. h5 Qg8 40. hxg6+ Qxg6 41.
Qxg6+ Bxg6 42. Bg7 c4 43. Re7 Rxe7 44. Rxe7 cxd3 45. cxd3 Kg8 46. Re6 Bxd3 47.
Rxb6 Bc2 48. Bxd4 Bxb3 49. Rb7 Bc2 50. Rg7+ Kf8 51. h7 Bxh7 52. Rxh7 1-0

[Event "21. Torneo San Viator 2013"]
[Site "Madrid ESP"]
[Date "2013.11.03"]
[Round "7.17"]
[White "Garcia-Ruiz Fuentes, Angel M"]
[Black "Rodriguez Bittar, Karim Javier"]
[Result "1/2-1/2"]
[WhiteElo "2042"]
[BlackElo "1741"]
[PlyCount "86"]
[EventDate "2013.09.29"]
[EventType "swiss"]
[EventRounds "9"]
[EventCountry "ESP"]
[SourceTitle "Ajedrez en Madrid"]
[Source "lmi"]
[SourceDate "2013.09.29"]
[SourceVersion "1"]
[SourceVersionDate "2013.12.25"]
[SourceQuality "1"]

1. a3 Nf6 2. Nf3 c6 3. g3 d5 4. Bg2 Nbd7 5. d3 g6 6. O-O Bg7 7. Nbd2 O-O 8. Rb1
Re8 9. c4 e5 10. e4 dxe4 11. dxe4 Nc5 12. Qc2 a5 13. b4 axb4 14. axb4 Qd3 15.
Ne1 Qxc2 16. Nxc2 Nd3 17. Rb3 Nxc1 18. Rxc1 Be6 19. Rc3 Bh6 20. Ne3 Ng4 21.
Ndf1 Nxe3 22. Nxe3 Bxe3 23. Rxe3 Ra4 24. Rb3 Rd8 25. Bf1 Rd4 26. f3 b5 27. Rb2
Bxc4 28. Bxc4 Rxc4 29. Rxc4 bxc4 30. b5 cxb5 31. Rxb5 f6 32. Rc5 Ra1+ 33. Kg2
Rc1 34. Kh3 c3 35. f4 exf4 36. gxf4 c2 37. Rc7 g5 38. fxg5 fxg5 39. e5 h5 40.
e6 Kf8 41. Kg2 g4 42. h3 gxh3+ 43. Kh2 Re1 1/2-1/2

[Event "21. Torneo San Viator 2013"]
[Site "Madrid ESP"]
[Date "2013.11.03"]
[Round "7.18"]
[White "Perez Bruni, Alfredo"]
[Black "Lobato Rivero, Carlos"]
[Result "0-1"]
[WhiteElo "1726"]
[BlackElo "2007"]
[PlyCount "102"]
[EventDate "2013.09.29"]
[EventType "swiss"]
[EventRounds "9"]
[EventCountry "ESP"]
[SourceTitle "Ajedrez en Madrid"]
[Source "lmi"]
[SourceDate "2013.09.29"]
[SourceVersion "1"]
[SourceVersionDate "2013.12.25"]
[SourceQuality "1"]

1. e4 g6 2. d4 Bg7 3. Nc3 d6 4. f4 Nf6 5. Nf3 O-O 6. Bd3 c5 7. d5 a6 8. a4 e6
9. e5 Nxd5 10. Ne4 dxe5 11. fxe5 Nc6 12. Bg5 Qa5+ 13. Qd2 Qxd2+ 14. Kxd2 Nxe5
15. Nxe5 Bxe5 16. Rab1 b6 17. c4 Bf4+ 18. Bxf4 Nxf4 19. g3 Nxd3 20. Kxd3 Bb7
21. Rhf1 Rad8+ 22. Ke3 Bxe4 23. Kxe4 Rd4+ 24. Ke5 Rxc4 25. Kd6 Rxa4 26. Rf6
Rd4+ 27. Kc6 Rb4 28. Kd6 Kg7 29. Rbf1 Rxb2 30. Ke7 Rxh2 31. g4 Rg2 32. Rxf7+
Rxf7+ 33. Rxf7+ Kh6 34. Kxe6 Rxg4 35. Rf3 Kg5 36. Ra3 a5 37. Rb3 Rb4 38. Rh3 h5
39. Rg3+ Rg4 40. Rb3 h4 41. Rxb6 h3 42. Rb5 h2 43. Rxc5+ Kh4 44. Rc8 Kg3 45.
Rc3+ Kg2 46. Rc2+ Kh3 47. Rc3+ Rg3 48. Rc1 Rg1 49. Rc3+ Kg4 50. Rc4+ Kf3 51.
Rc3+ Ke4 0-1

[Event "21. Torneo San Viator 2013"]
[Site "Madrid ESP"]
[Date "2013.11.03"]
[Round "7.19"]
[White "Moreno Zamora, Gregorio"]
[Black "Gutierrez Sanchez, Fernando"]
[Result "0-1"]
[WhiteElo "1704"]
[BlackElo "1945"]
[PlyCount "80"]
[EventDate "2013.09.29"]
[EventType "swiss"]
[EventRounds "9"]
[EventCountry "ESP"]
[SourceTitle "Ajedrez en Madrid"]
[Source "lmi"]
[SourceDate "2013.09.29"]
[SourceVersion "1"]
[SourceVersionDate "2013.12.25"]
[SourceQuality "1"]

1. d4 Nf6 2. c4 g6 3. Nc3 d5 4. Bf4 Bg7 5. Rc1 c6 6. e3 O-O 7. Nf3 Bg4 8. Qb3
Qb6 9. Qxb6 axb6 10. Ne5 Be6 11. a3 Rd8 12. Be2 Nbd7 13. O-O Nxe5 14. dxe5 Nd7
15. cxd5 cxd5 16. Bg5 Kf8 17. f4 Nc5 18. Nb5 Nb3 19. Rcd1 Rac8 20. Bd3 Bg4 21.
Rde1 Nd2 22. Rf2 Ne4 23. Bxe4 dxe4 24. h3 Bd7 25. Nd4 h5 26. Ree2 Rc1+ 27. Rf1
Rdc8 28. Ree1 Rxe1 29. Rxe1 f6 30. exf6 exf6 31. Bh4 f5 32. Bf2 Bf6 33. b3 Ke7
34. Rd1 Rc3 35. Rb1 Be8 36. Ne2 Rd3 37. Kf1 Bf7 38. Nc1 Rd2 39. Ke1 Rb2 40. Ra1
Rxf2 0-1

[Event "21. Torneo San Viator 2013"]
[Site "Madrid ESP"]
[Date "2013.11.03"]
[Round "7.20"]
[White "Benitez Cadenas, Luis Miguel"]
[Black "Garcia Martin, Esteban"]
[Result "0-1"]
[WhiteElo "1702"]
[BlackElo "1892"]
[PlyCount "52"]
[EventDate "2013.09.29"]
[EventType "swiss"]
[EventRounds "9"]
[EventCountry "ESP"]
[SourceTitle "Ajedrez en Madrid"]
[Source "lmi"]
[SourceDate "2013.09.29"]
[SourceVersion "1"]
[SourceVersionDate "2013.12.25"]
[SourceQuality "1"]

1. d4 Nf6 2. Nf3 d5 3. g3 e6 4. Bg2 c5 5. c4 Nc6 6. O-O cxd4 7. Nxd4 Be7 8.
cxd5 exd5 9. Nc3 Be6 10. Bf4 Bd6 11. Qd2 O-O 12. Bxd6 Qxd6 13. Ndb5 Qe5 14.
Rfd1 a6 15. Nd4 Rfd8 16. Rac1 Rac8 17. e3 Qh5 18. Bf3 Bg4 19. Be2 Nxd4 20. exd4
Rxc3 21. Rxc3 Bxe2 22. Re1 Bg4 23. Re5 Ne4 24. Rxh5 Nxd2 25. Rxd5 Rxd5 26. Rc7
h6 0-1

[Event "21. Torneo San Viator 2013"]
[Site "Madrid ESP"]
[Date "2013.11.03"]
[Round "7.21"]
[White "Magan Gonzalez, Alberto"]
[Black "Soto Martin, Pablo"]
[Result "0-1"]
[WhiteElo "1891"]
[BlackElo "1740"]
[PlyCount "72"]
[EventDate "2013.09.29"]
[EventType "swiss"]
[EventRounds "9"]
[EventCountry "ESP"]
[SourceTitle "Ajedrez en Madrid"]
[Source "lmi"]
[SourceDate "2013.09.29"]
[SourceVersion "1"]
[SourceVersionDate "2013.12.25"]
[SourceQuality "1"]

1. e4 c5 2. Nf3 e6 3. d4 cxd4 4. Nxd4 a6 5. Bd3 Nf6 6. Nc3 Qc7 7. O-O Bc5 8.
Nb3 Be7 9. Be3 O-O 10. f4 d6 11. g4 b5 12. g5 Nfd7 13. Qh5 f5 14. exf5 exf5 15.
Nd5 Qd8 16. Rae1 Rf7 17. c4 Bf8 18. g6 hxg6 19. Qxg6 Nf6 20. Nd4 Nxd5 21. cxd5
Rf6 22. Qh5 Rh6 23. Qf3 Qf6 24. Re2 Qf7 25. Rc1 Bb7 26. Nc6 Nd7 27. Bd4 Nc5 28.
Bb1 Rc8 29. b4 Nd7 30. Rce1 Rc7 31. Re8 Nf6 32. Bxf5 Nxe8 33. Qd3 Qxd5 34. Rxe8
Bxc6 35. Be4 Qh5 36. Bg6 Qxg6+ 0-1

[Event "21. Torneo San Viator 2013"]
[Site "Madrid ESP"]
[Date "2013.11.03"]
[Round "7.22"]
[White "Zhynguel Ramirez De Verger, Al"]
[Black "San Felipe Gonzalez, Tomas"]
[Result "1-0"]
[WhiteElo "1877"]
[BlackElo "1732"]
[PlyCount "117"]
[EventDate "2013.09.29"]
[EventType "swiss"]
[EventRounds "9"]
[EventCountry "ESP"]
[SourceTitle "Ajedrez en Madrid"]
[Source "lmi"]
[SourceDate "2013.09.29"]
[SourceVersion "1"]
[SourceVersionDate "2013.12.25"]
[SourceQuality "1"]

1. d4 Nf6 2. c4 c5 3. d5 b5 4. Qc2 e6 5. e4 bxc4 6. Bxc4 Bb7 7. Nc3 exd5 8.
exd5 d6 9. Nge2 Be7 10. O-O Nbd7 11. f4 O-O 12. b3 Nb6 13. Bb2 Nbxd5 14. Nxd5
Nxd5 15. Qd2 Nb6 16. Nc3 d5 17. Bd3 Rc8 18. Bf5 Rc6 19. Rad1 Bf6 20. Ba3 Rc7
21. Nb5 Rc6 22. Nxa7 Rc7 23. Nb5 Rc6 24. Nc3 Re8 25. Kh1 Ba8 26. Nxd5 Nxd5 27.
Qxd5 Qc7 28. Qd7 Qb8 29. Rfe1 Rf8 30. Be4 Ra6 31. Bxc5 Rd8 32. Qh3 Bxe4 33.
Rxd8+ Qxd8 34. Rxe4 Rxa2 35. Qd3 Ra1+ 36. Bg1 Qa8 37. Qb5 Kf8 38. Ra4 Rxa4 39.
bxa4 g6 40. Bc5+ Kg7 41. h3 Qe4 42. Bd6 Qe1+ 43. Kh2 Bh4 44. Qe5+ f6 45. Qxe1
Bxe1 46. Bc7 Bd2 47. a5 Kf7 48. a6 Be3 49. Bb8 Ke6 50. a7 Bxa7 51. Bxa7 g5 52.
Kg3 Kf5 53. Bb8 h5 54. h4 gxf4+ 55. Bxf4 Ke4 56. Bc7 f5 57. Kf2 f4 58. Ke2 f3+
59. gxf3+ 1-0

[Event "21. Torneo San Viator 2013"]
[Site "Madrid ESP"]
[Date "2013.11.03"]
[Round "7.23"]
[White "Jimenez Gonzalez, Marcos"]
[Black "Aguilera Lopez, Alejandro"]
[Result "1/2-1/2"]
[WhiteElo "1847"]
[BlackElo "1536"]
[PlyCount "72"]
[EventDate "2013.09.29"]
[EventType "swiss"]
[EventRounds "9"]
[EventCountry "ESP"]
[SourceTitle "Ajedrez en Madrid"]
[Source "lmi"]
[SourceDate "2013.09.29"]
[SourceVersion "1"]
[SourceVersionDate "2013.12.25"]
[SourceQuality "1"]

1. d4 d5 2. Bf4 Nf6 3. Nf3 Bf5 4. e3 e6 5. c4 c5 6. cxd5 Nxd5 7. Bxb8 Qa5+ 8.
Qd2 Qxd2+ 9. Nbxd2 Rxb8 10. Bb5+ Kd8 11. e4 Nc7 12. Bd3 Bg6 13. h4 h5 14. O-O-O
cxd4 15. Nb3 Bd6 16. Nfxd4 Ke7 17. g3 Rbc8 18. Kb1 Rhd8 19. f4 e5 20. Ne2 f6
21. f5 Bf7 22. Nc3 Bb4 23. Be2 Bxc3 24. bxc3 b6 25. Kb2 Ne8 26. Ba6 Rxd1 27.
Rxd1 Rd8 28. Rxd8 Kxd8 29. Nd2 Nd6 30. Be2 Kc7 31. a4 Kc6 32. c4 Nb7 33. Nb3
Nc5 34. Nxc5 Kxc5 35. Kc3 Be8 36. Bd1 Bf7 1/2-1/2

[Event "21. Torneo San Viator 2013"]
[Site "Madrid ESP"]
[Date "2013.11.03"]
[Round "7.24"]
[White "Padin Lazaro, Jose Manuel"]
[Black "Yeves Miquel, Enrique"]
[Result "1-0"]
[WhiteElo "1837"]
[BlackElo "1713"]
[PlyCount "55"]
[EventDate "2013.09.29"]
[EventType "swiss"]
[EventRounds "9"]
[EventCountry "ESP"]
[SourceTitle "Ajedrez en Madrid"]
[Source "lmi"]
[SourceDate "2013.09.29"]
[SourceVersion "1"]
[SourceVersionDate "2013.12.25"]
[SourceQuality "1"]

1. e4 c5 2. Nf3 e6 3. d4 cxd4 4. Nxd4 Nc6 5. Nc3 Qc7 6. Be3 a6 7. Qd2 Nf6 8. f3
b5 9. O-O-O Bb4 10. Nb3 d5 11. a3 Bxc3 12. Qxc3 dxe4 13. Bg5 exf3 14. Bxf6 gxf6
15. Qxf6 Rg8 16. Qxf3 Bb7 17. Nc5 Na5 18. Nxb7 Qxb7 19. Qh5 Qe4 20. g3 Qg6 21.
Qf3 Rc8 22. Bd3 Qg5+ 23. Kb1 h6 24. Rhf1 Rg7 25. Rde1 Nc4 26. Bxc4 bxc4 27. Qb7
Qc5 28. Rxe6+ 1-0

[Event "21. Torneo San Viator 2013"]
[Site "Madrid ESP"]
[Date "2013.11.03"]
[Round "7.25"]
[White "Sorribes Calle, Pablo"]
[Black "Hernandez Mateo, Borja"]
[Result "1-0"]
[WhiteElo "1682"]
[BlackElo "1805"]
[PlyCount "131"]
[EventDate "2013.09.29"]
[EventType "swiss"]
[EventRounds "9"]
[EventCountry "ESP"]
[SourceTitle "Ajedrez en Madrid"]
[Source "lmi"]
[SourceDate "2013.09.29"]
[SourceVersion "1"]
[SourceVersionDate "2013.12.25"]
[SourceQuality "1"]

1. d4 d5 2. c4 e5 3. dxe5 d4 4. Nf3 Nc6 5. Nbd2 Nge7 6. Nb3 Nf5 7. e4 dxe3 8.
Qxd8+ Kxd8 9. fxe3 Bb4+ 10. Kf2 Re8 11. Nbd4 Nxe5 12. Nxe5 Rxe5 13. a3 Bc5 14.
Nxf5 Rxf5+ 15. Ke2 Re5 16. b4 Bd4 17. Ra2 Re7 18. Kf3 Bf6 19. Bd3 g6 20. Rd1
Ke8 21. h3 Be6 22. Bb2 Bxb2 23. Rxb2 Rd8 24. c5 Bd5+ 25. Kf2 c6 26. Be2 Red7
27. Rd4 Ke7 28. Rbd2 f5 29. h4 Kf6 30. g3 Ke5 31. g4 Rf7 32. Kg3 Rg8 33. g5
Rgf8 34. Rf4 Ra8 35. Rfd4 b6 36. Bc4 bxc5 37. Bxd5 cxd5 38. Rxd5+ Ke4 39. Rxc5
Kxe3 40. Rd1 f4+ 41. Kg2 Ke2 42. Rd6 f3+ 43. Kg3 Re8 44. Rc2+ Ke3 45. Rf6 Rfe7
46. Rc3+ Kd4 47. Rfxf3 Rb8 48. Rfd3+ Ke5 49. Re3+ Kd4 50. Rcd3+ Kc4 51. Rxe7
Kxd3 52. Rxa7 Rh8 53. b5 Kc4 54. a4 Kc5 55. Ra6 Rb8 56. Ra7 Rh8 57. Kg4 Kb6 58.
Ra6+ Kb7 59. Rf6 Ra8 60. Rf4 Kb6 61. Kf3 Kc5 62. Ke3 Kd5 63. Kd3 Kc5 64. Kc3
Ra7 65. Rc4+ Kb6 66. Kb4 1-0

[Event "21. Torneo San Viator 2013"]
[Site "Madrid ESP"]
[Date "2013.11.03"]
[Round "7.27"]
[White "Perez Sempere, Alberto"]
[Black "Soto Martin, Miguel"]
[Result "1-0"]
[WhiteElo "1875"]
[BlackElo "1588"]
[PlyCount "80"]
[EventDate "2013.09.29"]
[EventType "swiss"]
[EventRounds "9"]
[EventCountry "ESP"]
[SourceTitle "Ajedrez en Madrid"]
[Source "lmi"]
[SourceDate "2013.09.29"]
[SourceVersion "1"]
[SourceVersionDate "2013.12.25"]
[SourceQuality "1"]

1. e4 e5 2. Nf3 Nc6 3. Bb5 Bc5 4. c3 Nge7 5. O-O Bb6 6. d4 exd4 7. cxd4 d5 8.
e5 Bg4 9. Be3 Nf5 10. Qa4 Qd7 11. Nbd2 O-O 12. h3 Nxe3 13. fxe3 Bxh3 14. gxh3
Qxh3 15. Kf2 f6 16. Rh1 Qe6 17. Qc2 g6 18. Bd3 fxe5 19. Bxg6 hxg6 20. Ke2 exd4
21. Rag1 Qxe3+ 22. Kd1 d3 23. Qa4 Rf4 24. Qb3 Qe2+ 25. Kc1 Bxg1 26. Qxd5+ Rf7
27. Rxg1 Ne7 28. Qc4 Kf8 29. Nd4 Qh2 30. Ne6+ Kg8 31. Re1 Qg3 32. Rh1 Qe5 33.
Qh4 Qh5 34. Qe4 Qd5 35. Qh4 Qe5 36. Nf3 Qh5 37. Qxh5 gxh5 38. Rg1+ Kh8 39. Neg5
Kg8 40. Nxf7+ Kxf7 1-0

[Event "21. Torneo San Viator 2013"]
[Site "Madrid ESP"]
[Date "2013.11.03"]
[Round "7.28"]
[White "Jimenez Manzano, Emiliano"]
[Black "Jimenez Elices, Jose Maria"]
[Result "1/2-1/2"]
[WhiteElo "1493"]
[BlackElo "1872"]
[PlyCount "101"]
[EventDate "2013.09.29"]
[EventType "swiss"]
[EventRounds "9"]
[EventCountry "ESP"]
[SourceTitle "Ajedrez en Madrid"]
[Source "lmi"]
[SourceDate "2013.09.29"]
[SourceVersion "1"]
[SourceVersionDate "2013.12.25"]
[SourceQuality "1"]

1. e4 e6 2. d4 d5 3. exd5 exd5 4. Nf3 Nf6 5. Bd3 Bg4 6. O-O Be7 7. Bg5 O-O 8.
Bxf6 Bxf6 9. Be2 Nc6 10. c3 Re8 11. Bd3 Qd6 12. Nbd2 Re7 13. Qc2 g6 14. Rfe1
Rae8 15. Rxe7 Rxe7 16. Re1 Rxe1+ 17. Nxe1 Ne7 18. h3 Bc8 19. Ndf3 c5 20. dxc5
Qxc5 21. Qe2 Be6 22. Nc2 Nc6 23. a3 a5 24. Qe3 Qxe3 25. fxe3 Ne5 26. Nxe5 Bxe5
27. Nd4 Kf8 28. b4 axb4 29. axb4 Ke7 30. Kf2 Bd7 31. g4 Kf6 32. Kg2 h6 33. Be2
Bb8 34. Nb3 Ba7 35. Kf2 Ke5 36. Nd2 f5 37. Nf3+ Kf6 38. Nd4 fxg4 39. hxg4 Ke5
40. Kf3 Kf6 41. Kg3 Bb8+ 42. Kh3 h5 43. Kh4 hxg4 44. Bxg4 Bxg4 45. Kxg4 Ke5 46.
Kg5 Ke4 47. Kxg6 Kxe3 48. Kf5 Kd3 49. Ke6 Kxc3 50. Kxd5 Kxb4 51. Nc6+ 1/2-1/2

[Event "21. Torneo San Viator 2013"]
[Site "Madrid ESP"]
[Date "2013.11.03"]
[Round "7.29"]
[White "Linares Leyva, David"]
[Black "Pindado Del Carmen, Eliseo"]
[Result "1-0"]
[WhiteElo "1852"]
[BlackElo "1584"]
[PlyCount "97"]
[EventDate "2013.09.29"]
[EventType "swiss"]
[EventRounds "9"]
[EventCountry "ESP"]
[SourceTitle "Ajedrez en Madrid"]
[Source "lmi"]
[SourceDate "2013.09.29"]
[SourceVersion "1"]
[SourceVersionDate "2013.12.25"]
[SourceQuality "1"]

1. d4 Nf6 2. c4 e6 3. Nf3 b6 4. Bg5 Be7 5. Nc3 Bb7 6. e3 d6 7. Bd3 Nbd7 8. O-O
h6 9. Bh4 d5 10. Re1 c6 11. e4 dxe4 12. Nxe4 O-O 13. Qe2 Nh5 14. Bxe7 Qxe7 15.
Qe3 Rad8 16. Rad1 Nhf6 17. Nc3 Qd6 18. Ne5 Qb4 19. Re2 Qe7 20. a3 Nxe5 21. dxe5
Nd7 22. Qe4 g6 23. Qe3 Kg7 24. b4 Ba6 25. Red2 c5 26. b5 Bb7 27. Qg3 Nb8 28. h4
h5 29. Be2 Rxd2 30. Rxd2 Kh7 31. Qg5 Qc7 32. Rd6 Ba8 33. Qf6 Kg8 34. Bf3 Bxf3
35. gxf3 Re8 36. Ne4 Nd7 37. Qg5 Kg7 38. Kg2 Qb7 39. Kf1 Qc7 40. Ke2 Qb7 41.
Ke3 Qc7 42. f4 Qb7 43. Qg1 Re7 44. f3 Qc7 45. Qd1 Nf8 46. Nf6 Qb7 47. Rd8 Nh7
48. Rg8+ Kh6 49. Rh8 1-0

[Event "21. Torneo San Viator 2013"]
[Site "Madrid ESP"]
[Date "2013.11.03"]
[Round "7.30"]
[White "Nunez Miranda, Mario"]
[Black "Leniz Martinez, Francisco"]
[Result "0-1"]
[WhiteElo "1304"]
[BlackElo "1779"]
[PlyCount "146"]
[EventDate "2013.09.29"]
[EventType "swiss"]
[EventRounds "9"]
[EventCountry "ESP"]
[SourceTitle "Ajedrez en Madrid"]
[Source "lmi"]
[SourceDate "2013.09.29"]
[SourceVersion "1"]
[SourceVersionDate "2013.12.25"]
[SourceQuality "1"]

1. e4 c5 2. c3 d5 3. Bd3 dxe4 4. Bxe4 Nf6 5. Qa4+ Bd7 6. Qc4 Nxe4 7. Qxe4 Bc6
8. Qg4 Nd7 9. Nf3 Nf6 10. Qc4 e6 11. O-O Bd6 12. d4 Bxf3 13. gxf3 Qb6 14. Qb3
Qc6 15. Nd2 cxd4 16. cxd4 Rc8 17. Kg2 O-O 18. a4 Rfd8 19. Qb5 Bb8 20. Qxc6 Rxc6
21. Nb3 Nd5 22. Na5 Rc7 23. Bg5 Rdc8 24. Rac1 b6 25. Rxc7 Rxc7 26. Nb3 h6 27.
Be3 Rc2 28. Bc1 Rc4 29. a5 Rb4 30. Na1 Rxd4 31. axb6 axb6 32. Be3 Rb4 33. Rc1
Be5 34. Rb1 Rh4 35. f4 Nxf4+ 36. Kg3 Ng6+ 37. f4 Bxf4+ 38. Bxf4 Rxf4 39. Nc2
Rc4 40. Na3 Rb4 41. Nc2 Rb3+ 42. Kf2 Ne5 43. Ke2 Nc4 44. Rd1 Rxb2 45. Rd8+ Kh7
46. Kd3 Ne5+ 47. Kc3 Rb5 48. Nd4 Rc5+ 49. Kb2 Rd5 50. Rxd5 exd5 51. Kc3 Kg6 52.
Kd2 Ng4 53. h3 Nf2 54. h4 Ng4 55. Nc6 Kh5 56. Ne7 Nf6 57. Ke3 g6 58. Kf4 Kxh4
59. Ke5 Kg5 60. Nxd5 Nxd5 61. Kxd5 Kf4 62. Kd4 g5 63. Kd3 g4 64. Ke2 h5 65. Kf2
h4 66. Kg2 Ke3 67. Kh2 b5 68. Kg2 b4 69. Kh2 b3 70. Kg2 b2 71. Kh2 b1=Q 72. Kg2
Qc2+ 73. Kh1 Kf3 0-1

[Event "21. Torneo San Viator 2013"]
[Site "Madrid ESP"]
[Date "2013.11.03"]
[Round "7.31"]
[White "Alonso Penalver, Angel"]
[Black "Savchuk, Olga"]
[Result "0-1"]
[WhiteElo "1762"]
[BlackElo "1572"]
[PlyCount "104"]
[EventDate "2013.09.29"]
[EventType "swiss"]
[EventRounds "9"]
[EventCountry "ESP"]
[SourceTitle "Ajedrez en Madrid"]
[Source "lmi"]
[SourceDate "2013.09.29"]
[SourceVersion "1"]
[SourceVersionDate "2013.12.25"]
[SourceQuality "1"]

1. Nf3 d5 2. d4 Nf6 3. g3 Bg4 4. Bg2 g6 5. c4 c5 6. O-O Nbd7 7. cxd5 Nxd5 8. e4
N5f6 9. h3 Bxf3 10. Bxf3 cxd4 11. Qa4 e5 12. Na3 Bg7 13. Bd2 O-O 14. Bb4 Nb6
15. Qa5 Re8 16. Rac1 Bf8 17. Bxf8 Kxf8 18. Nb5 Re7 19. h4 a6 20. Na3 Re8 21.
Qd2 Kg7 22. Kg2 Qd7 23. h5 h6 24. hxg6 fxg6 25. Rh1 g5 26. Rh2 Rh8 27. Qb4 Rac8
28. Rc5 Qe7 29. Rc4 Qxb4 30. Rxb4 Rc6 31. g4 Nfd7 32. Be2 Rf8 33. Bc4 Nxc4 34.
Nxc4 b5 35. Na5 Rcf6 36. Kg1 Nc5 37. b3 Nd3 38. a4 Nxf2 39. axb5 axb5 40. Rxb5
Nxg4 41. Rd2 Rf1+ 42. Kg2 Ne3+ 43. Kh2 R8f2+ 44. Rxf2 Rxf2+ 45. Kg3 Rf4 46. Nc4
Nf1+ 47. Kg2 Ne3+ 48. Kg1 Rxe4 49. Rb7+ Kg6 50. Nd6 Rf4 51. Re7 d3 52. Rxe5 d2
0-1

[Event "21. Torneo San Viator 2013"]
[Site "Madrid ESP"]
[Date "2013.11.03"]
[Round "7.33"]
[White "Rodriguez Alonso, Marcos"]
[Black "Vazquez Cabeza, Isaac"]
[Result "1-0"]
[WhiteElo "1666"]
[BlackElo "1560"]
[PlyCount "92"]
[EventDate "2013.09.29"]
[EventType "swiss"]
[EventRounds "9"]
[EventCountry "ESP"]
[SourceTitle "Ajedrez en Madrid"]
[Source "lmi"]
[SourceDate "2013.09.29"]
[SourceVersion "1"]
[SourceVersionDate "2013.12.25"]
[SourceQuality "1"]

1. e4 e6 2. d4 d5 3. exd5 exd5 4. Bd3 Bd6 5. c3 c6 6. h3 Nf6 7. Ne2 O-O 8. O-O
Be6 9. Bf4 h6 10. Nd2 Qc7 11. Bxd6 Qxd6 12. Nf3 Qc7 13. Ng3 Qc8 14. Kh2 Nbd7
15. Bf5 Nb6 16. Bxe6 Qxe6 17. Ne5 Nbd7 18. f4 Nxe5 19. fxe5 Nd7 20. Nf5 Kh7 21.
Qd3 g6 22. Ng3 f6 23. exf6 Nxf6 24. Rae1 Qd6 25. Kh1 Rae8 26. Rxe8 Rxe8 27. Qf3
Rf8 28. Kg1 Kg7 29. Qd3 Qc7 30. Rf3 Qd6 31. b3 Qe7 32. Re3 Qd7 33. c4 Re8 34.
cxd5 Rxe3 35. Qxe3 cxd5 36. Qe5 Qe8 37. Qxe8 Nxe8 38. Kf2 Kf6 39. Ke3 Nd6 40.
Ne2 g5 41. Nc3 Nf5+ 42. Kd3 Ke6 43. g4 Ne7 44. Ke3 a6 45. Na4 Kd6 46. Nc5 Kc6
1-0

[Event "21. Torneo San Viator 2013"]
[Site "Madrid ESP"]
[Date "2013.11.03"]
[Round "7.34"]
[White "Castro Uceda, Jose Antonio"]
[Black "Perez Perez, Marta"]
[Result "1-0"]
[WhiteElo "1625"]
[BlackElo "1348"]
[PlyCount "49"]
[EventDate "2013.09.29"]
[EventType "swiss"]
[EventRounds "9"]
[EventCountry "ESP"]
[SourceTitle "Ajedrez en Madrid"]
[Source "lmi"]
[SourceDate "2013.09.29"]
[SourceVersion "1"]
[SourceVersionDate "2013.12.25"]
[SourceQuality "1"]

1. d4 Nf6 2. c4 c5 3. e3 g6 4. Nf3 Bg7 5. Nc3 O-O 6. Be2 d6 7. d5 Nbd7 8. O-O
Nb6 9. h3 e6 10. e4 exd5 11. exd5 Nbd7 12. Bf4 Ne8 13. Qd2 Ne5 14. Bh6 Nxf3+
15. Bxf3 Qf6 16. Bxg7 Nxg7 17. Ne4 Qe5 18. Rfe1 b6 19. b4 Bf5 20. bxc5 dxc5 21.
Ng5 Qf6 22. Rad1 Rae8 23. Ne4 Qe7 24. Qh6 Rd8 25. Ng5 1-0